Statistiche per Città sopra o sotto l'Equatore? - Quiz n°1

Clicka qui per fare il quiz!

Statistiche generali

  • Questo quiz è stato fatto 12 volte
  • Il punteggio medio è 8 su 10

Statistiche sulle risposte

HintRisposta% Corretto
Città del MessicoNord dell'Equatore
100%
BrazzavilleSud dell'Equatore
91%
VientianeNord dell'Equatore
82%
San'a'Nord dell'Equatore
82%
Port of SpainNord dell'Equatore
82%
FreetownNord dell'Equatore
82%
AucklandSud dell'Equatore
82%
LagosNord dell'Equatore
64%
LibrevilleNord dell'Equatore
45%
VictoriaSud dell'Equatore
45%

Distribuzione punteggi

Percentile per numero di risposta

Percentuale di utenti per punteggio

I tuoi punteggi nel tempo

Non hai fatto questo quiz